| 000 | 00431nam a2200169Ia 4500 | ||
|---|---|---|---|
| 003 | GCL | ||
| 008 | 140319s9999 xx 000 0 ara d | ||
| 040 |
_aGCL / _cGCL |
||
| 082 | 0 | 4 |
_a492.4 _bم ل |
| 245 | 1 | 0 | _aاللغة العبرية |
| 260 |
_a[S.N] : _bمطبعة النيل ، _c1994 |
||
| 300 | _a273 ص | ||
| 490 | _a | ||
| 650 | 0 | 4 | _aاللغات السامية |
| 650 | 0 | 4 | _aاللغة العبرية |
| 942 |
_2ddc _cBK |
||
| 999 |
_c29475 _d29475 |
||